Normal view
MARC view
- Sup: Arslan Shaukat
Entry Personal Name
001 - CONTROL NUMBER
- control field: 34784
003 - CONTROL NUMBER IDENTIFIER
- control field: NUST
005 - DATE AND TIME OF LATEST TRANSACTION
- control field: 20201029175722.0
008 - FIXED-LENGTH DATA ELEMENTS
- fixed length control field: 201029|| aca||aabn | a|a d
040 ## - CATALOGING SOURCE
- Original cataloging agency: NUST
- Transcribing agency: NUST
100 ## - HEADING--PERSONAL NAME
- Personal name: Sup: Arslan Shaukat
670 ## - SOURCE DATA FOUND
- Source citation: Work cat.: (NUST)540643: Kashan Basit, Muhammad 34783, Finding The Modeling parameters of linear and Non-linear differential equations using ANN., 2016.
